Guía de las aves rapaces diurnas de CORPOCHIVOR (Registro nro. 6806)

Detalles MARC
000 -CABECERA
Campo de control 01094nam a2200253 a 4500
005 - FECHA Y HORA DE LA ULTIMA TRANSACCION
Campo de control 20150929121320.0
008 - ELEMENTOS DE LONGITUD FIJA—INFORMACION GENERAL
Campo de control 150929b2008 ck ||||gr|||| 00| 0 spa d
020 ## - ISBN
ISBN 9789588343211
040 ## - FUENTE DE CATALOGACIÓN
Agencia catalogadora original CO-BoIAVH
Agencia transcriptora CO-BoIAVH
041 0# - IDIOMA
Código de idioma para texto/pista de sonido o título separado Español
044 ## - PAÍS DE PUBLICACIÓN
País de publicación Colombia
082 04 - NUMERO DE CLASIFICACION DECIMAL DEWEY
Número de clasificación 598.91
Número del ítem M35g
090 ## - CLASIFICACIÓN LOCAL
Colección IAVH
Consecutivo 01283
100 1# - ASIENTO PRINCIPAL--NOMBRE PERSONAL
Nombre personal Márquez Reyes, César
9 (RLIN) 40292
245 1# - MENCION DE TITULO
Título Guía de las aves rapaces diurnas de CORPOCHIVOR
Parte restante del título Municipios de San Luis de Gaceno y Santa María /
Mención de responsabilidad César Márquez Reyes y Victor Hugo Vanegas.
260 ## - PUBLICACION, DISTRIBUCION, ETC. (PIE DE IMPRENTA)
Lugar de publicación, distribución, etc. Bogotá (Colombia) :
Nombre del editor, distribuidor, etc. Instituto de Investigación de Recursos Biológicos Alexander von Humboldt:
-- Corpochivor,
Fecha de publicación, distribución, etc. 2008.
300 ## - DESCRIPCION FISICA
Extensión 67 páginas :
Otros detalles físicos ilustraciones y fotografías a color ;
Dimensiones 22 cm.
504 ## - NOTA DE BIBLIOGRAFIA, ETC.
Nota de bibliografía Incluye referencias bibliográficas (páginas 66-67).
650 #4 - ASIENTO SECUNDARIO DE MATERIA - TERMINO TEMATICO
Término temático o nombre geográfico como elemento de entrada Aves rapaces diurnas
Subdivisión geográfica Boyaca (Departamento, Colombia)
9 (RLIN) 40293
650 #6 - ASIENTO SECUNDARIO DE MATERIA - TERMINO TEMATICO
Término temático o nombre geográfico como elemento de entrada Aves rapaces
Subdivisión de forma Guía
Subdivisión geográfica Boyaca (Departamento, Colombia)
9 (RLIN) 40294
650 #6 - ASIENTO SECUNDARIO DE MATERIA - TERMINO TEMATICO
Término temático o nombre geográfico como elemento de entrada Aves rapaces
Subdivisión general Taxonomía
Subdivisión geográfica Boyaca (Departamento, Colombia)
9 (RLIN) 40295
700 1# - ASIENTO SECUNDARIO - NOMBRE PERSONAL
Nombre personal Vanegas, Víctor Hugo
9 (RLIN) 931
942 ## - ELEMENTOS ADICIONALES (KOHA)
Tipo de ítem Libro
Sistema de clasificación Dewey Decimal Classification
Existencias
Withdrawn status Lost status Sistema de Clasificación Damaged status No para préstamo Colección Inventariado Ubicación Permanente Ubicación actual Fecha de adquisición Fuente de Valor Valor Total Checkouts Total Renewals Número topográfico Inventario / Código de Barras Date last seen Date checked out Ejemplar Price effective from Forma de adquisición Tipo de material
    Dewey Decimal Classification     Humboldt Inventariado 2017 Bogotá Bogotá   Instituto 39000.00 1 1 IAVH-598.91 M35g 026725 11/09/2018 10/09/2018 Ej. 1 04/12/2012 Institucional Libro
    Dewey Decimal Classification     Humboldt Inventariado 2017 Bogotá Bogotá 09/07/2013 Instituto 39000.00     IAVH-598.91 M35g 028463 09/07/2013   Ej. 2 09/07/2013 Institucional Libro
    Dewey Decimal Classification     Humboldt Inventariado 2017 Bogotá Bogotá 09/07/2013 Instituto 39000.00     IAVH-598.91 M35g 028462 09/07/2013   Ej. 3 09/07/2013 Institucional Libro
    Local     Humboldt   Bogotá Bogotá 22/11/2013         MM-0086 058725 22/11/2013   Ej. 4 22/11/2013 Institucional CD-ROM
    Dewey Decimal Classification     Humboldt Inventariado 2017 Sala Fabio Quevedo Sala Fabio Quevedo 23/07/2014 Instituto 39000.00     IAVH-598.91 M35g 038176 23/07/2014   Ej. 5 23/07/2014 Institucional Libro
    Dewey Decimal Classification   Procesos Técnicos Humboldt   Sala Fabio Quevedo Sala Fabio Quevedo 29/09/2015         IAVH-598.91 M35g 0284641 29/09/2015   Ej. 6 29/09/2015 Institucional Libro